| 000 | 00990cab a2200229 4500 | ||
|---|---|---|---|
| 001 | ABS67557 | ||
| 008 | 040301n2004 000 0 eng u | ||
| 035 | _a(Sirsi) u125248 | ||
| 100 | _aSmulian, M. | ||
| 245 | _aPlan's success relies on two high profiles | ||
| 260 | _c2004 | ||
| 490 |
_aAxis _v58(6) January/February 2004, 10-11(2) |
||
| 520 | _aCompares and contrasts two sides of the government approach to creating sustainable communities - Housing Market Renewal Pathfinders and South East Growth Areas. The former is represented by Elevate East Lancashire's regeneration proposals for town centres in east Lancashire and the latter by the managed housing growth in the London-Stansted-Cambridge corridor. | ||
| 590 | _aABS | ||
| 650 | _aM11 CORRIDOR | ||
| 650 | _aEAST LANCASHIRE | ||
| 650 | _aSOUTH-EAST GROWTH AREAS | ||
| 650 | _aMARKET RENEWAL PATHFINDER AREAS | ||
| 650 | _aSUSTAINABLE COMMUNITIES: BUILDING FOR THE FUTURE | ||
| 690 | _aREGENERATION | ||
| 942 | _n0 | ||
| 999 |
_c74179 _d74179 |
||